000 00620nam a2200205 4500
001 122048
003 ES-MaACL
005 20230906191910.0
007 t|
008 070214s1959 sp r ||||1| spa d
100 1 _aPotemkin, Sergey.
_993374
245 1 3 _aUn amor
_b: historia de Grasdanka /
_cSergey Potemkin ; versión castellana de José María Cañas.
260 _aBarcelona :
_bEdiciones G.P.,
_c1959.
300 _a143 p. ;
_c18 cm.
490 1 _aLibros plaza
700 1 _aCañas, José María.
_934736
830 0 _aLibros plaza
_9181449
852 _aES-MaACL
_jC-16706
_bR.44825
999 _c122048
_d122048